Assassin's Creed IV: Black Flag Quiz - Statistics

General Stats
  • This quiz has been taken 555 times
  • The average score is 23 of 90
Answer Stats
Question Answer % Correct
Who's Edward fiancé? Caroline Scott
87%
Who's the main protagonist in the main game? Edward James Kenway
87%
Who's the leader of the ship that attacked Edward's? Duncan Walpole
74%
Who's Stede Bonnet? A british merchant
70%
What optional objective do you have when the four templars have a meeting? Pickpocket everybody
70%
When Edward arrives to the tavern, what happens? Someone recognices him and gets into a fist fight
70%
What color do the Spanish wear? Yellow
70%
What happens when Stede and Edward arrive to Havana? Stede gets attacked by a burglar
61%
Which organisation attacks Governor Laureano when Edward is scolting him? The Assassins
52%
What type of boat does Bonnet have? Schooner
48%
How is Wanted Level represented? Two Red Swords
48%
How do you have to kill Du Casse for completing the optional objective? Air Assassination
43%
When Rogers and Kenway meet Bonnet, what name does he use? Edward
43%
How do you officialy defeat a Fort? Killing the Commander
43%
What do we discover about Kidd in ''Unmanned''? That he's a girl
43%
Who's Laurens Prins? An slaver
35%
What is a warehouse? A place or island where you can get ship materials and Rials
35%
What is the Royal African Pearl? A ship that contains slaves
35%
What is the color of the portuguese uniform? Blue
35%
What types of boats are there? Gunboat, Schooner, Brig, Frigate and Man o' War
35%
Who are the Sages? Human form of Juno's husband
35%
What is the ship of Vane? Ranger
35%
Who are the captains that we are introduced to in the tavern? Ben Hornigold, Edward Thatch and James Kidd
30%
What fauna is there in shipwrecks? Bullsharks, Manta Rays, Jellyfish, Moray Eels, Sea Urchins and Fish
30%
Who are the french and the english people that Edward meets in his reunion with Laureano? Julien Du Casse and Woodes Rogers
30%
What do you unlock after completing all Mayan Stelae? Mayan Outfit
30%
What do you unlock after completing all Templar Hunts? Templar Outfit
30%
What do we discover in ''Imagine my surprise''? That Hornigold is a templar
30%
What is the maximun amount of Wanted Level? 4
26%
In ''nothing is true...'', who do you meet? Ah Tabai
26%
How do you kill Laureano? Air assassination
26%
What is the nickname of Bartholomew Robets? ''Black Bart''
26%
What is the color of Burgess' and Cockram's uniform? Blue
26%
What are the names of the Legendary ships in AC4? El Impoluto, HMS Fearless, Royal Sovereign, HMS Prince and La Dama Negra
26%
What do you unlock after completing all Naval Contracts? Golden Flintlock Pistols
26%
Where do Vane and Edward strand? In Isla Providencia
26%
What is the name of the mission where you help pirates? Now hiring...
26%
What is the name of Nassau's tavern? Old Avery
26%
What do you unlock after completing all Assassin Contracts? Pistol Swords
26%
How do you have to kill Roberts to complete the optional objective? Rope dart
26%
How do you trigger Wanted Level? Sinking or boarding ships
26%
What is missing in this shanty's line: ''Here comes the eel with its _____ tail'' Slippery
26%
In Mutiplayer, what does the Blackbeard Class wear? Thatch's clothes
26%
How many viewpoints are there in Cape Buenavista? 3
22%
What are three exampes of Multiplayer classes? Blackbeard, Sailor and Jaguar
22%
What do you get from Isla Providencia's Kenway's Fleet Treasure Map? Elite Fire Barrel Storage
22%
What is the name of Adéwalé's ship in Freedom cry? Experto Crede
22%
Where is the story of Subject 17 happening? In Abstergo's Offices, Montreal
22%
What is the full name of Laureano? Laureano de Torres y Ayala
22%
What is the name of your manager? Melanie Lemay
22%
Where did Rogers went in his days of conquers of Africa? Principe
22%
What do you unlock after completing all Abstergo Challenges? Skeleton Crew
22%
How many levels of acces are there? 3
17%
What are the levels of board games? Beginner, Intermediate, Expert
17%
Who are the Old Friends in ''To suffer without dying''? Charles Vane and ''Calico'' Jack Rakham
17%
How do you have to kill Burgess and Cockram to comple the optional objective? Double assassination
17%
What do you unlock after unlocking all Jackdaw Upgrades? Golden Jackdaw
17%
What ships you can't board? Gunboats
17%
In AC4's Illoustrous Pirates DLC, what new islands are there? Sacrifice, Mystery and Black Islands
17%
What are the types of soldiers in boats? Soldier, Explorer, Officer, Brute and Captain
17%
Who demands a parlay in ''We demand a parlay''? Woodes Rogers
17%
How many Smuggler's Den are there? 5
13%
Why does Edward strands in Cape Buenavista? Because a templar attacked him
13%
In Freedom Cry, what empire is in Port-Au Prince? French
13%
Whats the name of the governor of Port-Au Prince? Governeur Pierre, Marquis de Fayet
13%
What are three examples of Multiplayer maps? Havana, Charlestown and Martinique
13%
From what empire is the Diplomat? Italian Empire
13%
Who are the maroons? Slaves that scaped from their slavery and wanted to fight against slavers
13%
What are types of soldiers? Soldier, Gunner, Scout, Brute, Messenger and Officer
13%
What color do they wear? White
13%
What is the maximum amout of Fire Barrels in Kenway's Fleet? 10
9%
How many classes are there in Multiplayer? 21
9%
How many memories are there in Aveline's DLC? 3
9%
How many colours are there in the Sage's minigame? Blue, Red and Green
9%
What weapons does Adéwalé have? Blunderbuss and Machete
9%
In AC4's Illoustrous Pirates DLC, what outfits are there? Bonnet's, Drake's and Morgan's Outfits
9%
Where does Aveline's DLC occur? In Rhode Island
9%
What are the names of the board games in AC4? Nine Men Morrins, Fanorona, Checkers
9%
What are the assassins involved in the Templar Hunts? Rhona Dinsmore, Opia Apito, Anto and Vance Travers
9%
What follows this shanty's line: ''Here comes the shark with his nine rows of teeth'' ''Saying: You'll eat the dough, boys, and I'll eat the beef''
9%
How many multiplayer DLCs are there? 1
4%
How many ship routes are there in Kenway's Fleet? 47
4%
How many years does the Commodore have when he dies? 86
4%
In AC4's Jackdaw Edition DLC, what ship personalisations do we get? Death Vessel, Kraken, Florentine and Crusade
4%
What are the templars involved in the Templar Hunts? Lucía Marquez, Hilary Flint, Kenneth Abraham, Upton Travers and Jing Lang
4%
How can you get the ''Edward the Legend'' outfit? Paying 40 Uplay Coins
4%
What was the password that Bastienne told Adéwalé Si li pas dodo crab la va manger
4%
How many forts are there in AC4? 10
0%
What soldier does usually have the warehouse key? Scouts
0%
What cannons is the Jackdaw equiped with? Swivel guns and round shot cannons
0%
No matching quizzes found
Score Distribution
Percent of People with Each Score
Percentile by Number Answered
Your Score History
You have not taken this quiz